[Event "Nicosia Women's Grand Prix"]
[Site "Nicosia CYP"]
[Date "2025.03.18"]
[EventDate "2025.03.15"]
[Round "4.1"]
[Result "1-0"]
[White "Nana Dzagnidze"]
[Black "Elisabeth Paehtz"]
[WhiteElo "2513"]
[BlackElo "2424"]
[PlyCount "56"]

1. Nf3 d5 2. c4 d4 3. e3 c5 4. b4 dxe3 5. fxe3 cxb4 6. d4 Nd7 7. Bd3 Ngf6 8. O-O
Qc7 9. Bb2 e6 10. Nbd2 Be7 11. Qe2 a5 12. Rac1 a4 13. c5 Nd5 14. Nc4 O-O 15. g3
b5 16. cxb6 N7xb6 17. Nfe5 f5 18. e4 Nc3 19. Bxc3 bxc3 20. Rxc3 Bb7 21. Qb2 Rac8
22. Rb1 Bd8 23. Nxb6 Qxc3 24. Nxc8 Qxb2 25. Rxb2 Bxc8 26. exf5 Bg5 27. Bc4 Be3+
28. Kg2 1-0